[Event "European Blitz Championship 2021"]
[Site "Katowice"]
[Date "2021.12.17"]
[Round "7.25"]
[White "Sliwicka, Alicja"]
[Black "Mirzoev, Emil"]
[Result "0-1"]
[WhiteElo "2155"]
[BlackElo "2474"]
[Annotator "ChessBase"]
[PlyCount "62"]
[EventDate "2021.12.17"]
[EventType "swiss"]
[EventCountry "POL"]
[SourceTitle "playchess.com"]
[Source "ChessBase"]
[SourceQuality "1"]

1. e4 Nf6 2. e5 Nd5 3. d4 d6 4. c4 Nb6 5. exd6 cxd6 6. Nc3 g6 7. Be3 Bg7 8. Rc1
O-O 9. b3 Bf5 10. g4 Bc8 11. Bg2 e5 12. dxe5 Bxe5 13. h3 Nc6 14. Nf3 Bg7 15.
Nd4 Nxd4 16. Bxd4 Re8+ 17. Kf1 Be5 18. Bxe5 Rxe5 19. Qd4 Qe7 20. f4 Re6 21. Bf3
Bd7 22. Bxb7 Re8 23. Bf3 Re3 24. Kg2 Rxf3 25. Kxf3 Bc6+ 26. Nd5 Bxd5+ 27. cxd5
Qe2+ 28. Kg3 Re3+ 29. Kh4 Qf2+ 30. Kg5 h6+ 31. Kf6 Nd7# 0-1

[Event "European Blitz Championship 2021"]
[Site "Katowice"]
[Date "2021.12.17"]
[Round "7.26"]
[White "Budrewicz, Krzysztof"]
[Black "Rudnik, Anna"]
[Result "1-0"]
[WhiteElo "2183"]
[BlackElo "1829"]
[Annotator "NA"]
[PlyCount "49"]
[EventDate "2021.12.17"]
[EventType "swiss"]
[EventCountry "POL"]
[SourceTitle "playchess.com"]
[Source "ChessBase"]
[SourceQuality "1"]

1. d4 Nf6 2. c4 e6 3. Nf3 b6 4. g3 Bb7 5. Bg2 d5 6. O-O Be7 7. Nc3 O-O 8. Ne5
c5 9. dxc5 Bxc5 10. cxd5 Nxd5 11. Nxd5 Bxd5 12. Bxd5 exd5 13. Bf4 Re8 14. h4 h6
15. h5 Na6 16. Rc1 Rc8 17. Qd3 Nb4 18. Qf5 f6 19. Ng4 Bf8 20. a3 Rxc1 21. Rxc1
Na6 22. b4 d4 23. Qg6 Kh8 24. Bxh6 gxh6 25. Nxf6 1-0

[Event "European Blitz Championship 2021"]
[Site "Katowice"]
[Date "2021.12.17"]
[Round "7.26"]
[White "Karpus, Michal"]
[Black "Teclaf, Pawel"]
[Result "0-1"]
[WhiteElo "2129"]
[BlackElo "2543"]
[Annotator "ChessBase"]
[PlyCount "58"]
[EventDate "2021.12.17"]
[EventType "swiss"]
[EventCountry "POL"]
[SourceTitle "playchess.com"]
[Source "ChessBase"]
[SourceQuality "1"]

1. e4 c5 2. Nf3 e6 3. d4 cxd4 4. Nxd4 a6 5. Nc3 b5 6. Be3 Bb7 7. Bd3 Nf6 8. e5
Nd5 9. Nxd5 Bxd5 10. Qg4 h5 11. Qf4 d6 12. O-O-O dxe5 13. Qxe5 Nd7 14. Qg3 h4
15. Qh3 Qa5 16. a3 b4 17. Bd2 Qb6 18. Bxb4 Bxb4 19. axb4 Qxd4 20. Rhe1 Qxb4 21.
Bg6 Qf4+ 22. Kb1 Ne5 23. Rxd5 Nxg6 24. Rd3 O-O 25. Red1 Qxf2 26. Rd4 a5 27. Qc3
a4 28. Qa3 Qxg2 29. Rd7 Qxh2 0-1

[Event "European Blitz Championship 2021"]
[Site "Katowice"]
[Date "2021.12.17"]
[Round "7.27"]
[White "Walter, Szymon"]
[Black "Goraj, Barbara"]
[Result "1-0"]
[WhiteElo "2277"]
[BlackElo "1902"]
[Annotator "NA"]
[PlyCount "59"]
[EventDate "2021.12.17"]
[EventType "swiss"]
[EventCountry "POL"]
[SourceTitle "playchess.com"]
[Source "ChessBase"]
[SourceQuality "1"]

1. e4 c6 2. d4 d5 3. f3 e6 4. Nc3 Bb4 5. Qd3 Ne7 6. Nge2 Nd7 7. a3 Ba5 8. Bd2
O-O 9. e5 c5 10. f4 cxd4 11. Nxd4 Nc5 12. Qf3 Nc6 13. Nxc6 bxc6 14. b4 d4 15.
Nd1 d3 16. Nf2 dxc2 17. bxa5 Rb8 18. Bc4 Qd4 19. Qc3 Qd8 20. Qxc2 f6 21. O-O
fxe5 22. fxe5 Qh4 23. Bb4 Rf4 24. Rac1 Na6 25. g3 Nxb4 26. axb4 Qg5 27. Qd2 Rf5
28. Qxg5 Rxg5 29. Nd3 Bd7 30. Nc5 1-0

[Event "European Blitz Championship 2021"]
[Site "Katowice"]
[Date "2021.12.17"]
[Round "7.27"]
[White "Chojnacki, Slawomir"]
[Black "Danielyan, Vahe"]
[Result "0-1"]
[WhiteElo "2120"]
[BlackElo "2332"]
[Annotator "ChessBase"]
[PlyCount "170"]
[EventDate "2021.12.17"]
[EventType "swiss"]
[EventCountry "POL"]
[SourceTitle "playchess.com"]
[Source "ChessBase"]
[SourceQuality "1"]

1. d4 Nf6 2. Nf3 b6 3. g3 Bb7 4. Bg2 g6 5. O-O Bg7 6. b3 O-O 7. Bb2 a5 8. c4 a4
9. Nc3 a3 10. Bc1 Ne4 11. Bd2 Nxd2 12. Qxd2 c5 13. Rfd1 d6 14. Rac1 Na6 15.
dxc5 bxc5 16. h4 Nb4 17. Ng5 Bxg2 18. Kxg2 h6 19. Nf3 Qc8 20. Nd5 Nxd5 21. Qxd5
Qe6 22. e4 Qxd5 23. exd5 f5 24. Rc2 Bf6 25. Re2 Kf7 26. Ng1 Rfb8 27. Rd3 g5 28.
hxg5 hxg5 29. Rf3 Kg6 30. Re1 Rh8 31. Ne2 Rh7 32. Rh1 Rxh1 33. Kxh1 Be5 34. Kg2
Rf8 35. Rd3 f4 36. gxf4 gxf4 37. Kf3 Kf5 38. Kg2 Ke4 39. Nc1 f3+ 40. Kf1 Bf4
41. Rd1 Rh8 42. Kg1 Rg8+ 43. Kf1 Rh8 44. Kg1 Bh2+ 45. Kf1 Be5 46. Kg1 Bd4 47.
Re1+ Kf4 48. Nd3+ Kf5 49. Rxe7 Rg8+ 50. Kf1 Rg2 51. Re6 Rh2 52. Kg1 Rg2+ 53.
Kf1 Rh2 54. Kg1 Rg2+ 55. Kf1 Rg8 56. Ne1 Kf4 57. Re7 Rh8 58. Rf7+ Ke4 59. Nxf3
Rh1+ 60. Ke2 Bc3 61. Re7+ Kf4 62. Rf7+ Ke4 63. Ng5+ Ke5 64. f4+ Kd4 65. Nf3+
Ke4 66. f5 Ra1 67. Ng5+ Kf4 68. Ne6+ Ke5 69. Kd3 Bb4 70. Nc7 Rxa2 71. Nb5 Rd2+
72. Ke3 a2 73. Ra7 Rh2 74. Ra6 Be1 75. Kf3 Rf2+ 76. Kg4 Rg2+ 77. Kh5 Kxf5 78.
Nxd6+ Ke5 79. Nb5 Kf5 80. Nd6+ Kf4 81. Kh6 Bc3 82. Nb5 a1=Q 83. Rxa1 Bxa1 84.
d6 Kf5 85. Nc7 Rh2# 0-1

[Event "European Blitz Championship 2021"]
[Site "Katowice"]
[Date "2021.12.17"]
[Round "7.28"]
[White "Bauer, Thomas"]
[Black "Smieja, Adam"]
[Result "1-0"]
[WhiteElo "2204"]
[BlackElo "1848"]
[Annotator "NA"]
[PlyCount "63"]
[EventDate "2021.12.17"]
[EventType "swiss"]
[EventCountry "POL"]
[SourceTitle "playchess.com"]
[Source "ChessBase"]
[SourceQuality "1"]

1. e4 c5 2. Nf3 Nc6 3. Bb5 a6 4. Bxc6 dxc6 5. d3 Qc7 6. h3 e5 7. Nbd2 f6 8. Nc4
b5 9. Ne3 Bd6 10. a4 g5 11. Bd2 Ne7 12. Nh2 h5 13. Nhf1 Be6 14. Ng3 h4 15. Ngf5
Nxf5 16. exf5 Bf7 17. Qf3 Rb8 18. axb5 axb5 19. Ra6 Rc8 20. O-O Kf8 21. Rfa1
Be8 22. Ra7 Qd8 23. R1a6 Rc7 24. Ra8 Rc8 25. Ba5 Rxa8 26. Bxd8 Rxa6 27. Bxf6
Ra1+ 28. Nf1 Rg8 29. Qe3 g4 30. Qh6+ Kf7 31. Bxh4 gxh3 32. Qf6# 1-0

[Event "European Blitz Championship 2021"]
[Site "Katowice"]
[Date "2021.12.17"]
[Round "7.28"]
[White "Cukrowski, Filip"]
[Black "Papasimakopoulos, Alexandros"]
[Result "0-1"]
[WhiteElo "2101"]
[BlackElo "2394"]
[Annotator "NA"]
[PlyCount "68"]
[EventDate "2021.12.17"]
[EventType "swiss"]
[EventCountry "POL"]
[SourceTitle "playchess.com"]
[Source "ChessBase"]
[SourceQuality "1"]

1. d4 e6 2. c4 Nf6 3. g3 Bb4+ 4. Bd2 Be7 5. Bg2 d5 6. Nc3 O-O 7. Nf3 Nbd7 8. b3
c6 9. O-O b6 10. Re1 Ba6 11. e4 dxc4 12. Qe2 b5 13. bxc4 bxc4 14. Bf4 Qa5 15.
Rac1 Nb6 16. Ne5 Rac8 17. Bd2 Qa3 18. g4 Rfd8 19. g5 Nfd7 20. Ng4 Nf8 21. Qe3
Rd7 22. h4 Rcd8 23. Ne5 Rxd4 24. Qf3 f6 25. gxf6 Bxf6 26. Nxc6 Rxd2 27. e5 Bxh4
28. Nxd8 Rxd8 29. Qh3 Bg5 30. Rcd1 Rd3 31. Rxd3 cxd3 32. Ne4 d2 33. Rd1 Qxh3
34. Bxh3 Be2 0-1

[Event "European Blitz Championship 2021"]
[Site "Katowice"]
[Date "2021.12.17"]
[Round "7.29"]
[White "Lubczynski, Rafal"]
[Black "Szente Varga, Fruzsina"]
[Result "1-0"]
[WhiteElo "2361"]
[BlackElo "2106"]
[Annotator "NA"]
[PlyCount "57"]
[EventDate "2021.12.17"]
[EventType "swiss"]
[EventCountry "POL"]
[SourceTitle "playchess.com"]
[Source "ChessBase"]
[SourceQuality "1"]

1. Nf3 Nf6 2. c4 g6 3. g3 Bg7 4. Bg2 c6 5. O-O d5 6. d4 O-O 7. Nbd2 Ne4 8. b3
f5 9. Bb2 Na6 10. Rc1 Bd7 11. Ne5 Be6 12. Ndf3 Rc8 13. Nd3 Nc7 14. Nfe5 g5 15.
f3 Nf6 16. Nc5 Bf7 17. Nxb7 Qe8 18. Nc5 f4 19. Bh3 e6 20. Ba3 Kh8 21. Nb7 Bg6
22. Nd6 Qd8 23. Nxc8 Qxc8 24. Bxf8 Qxf8 25. Nxc6 Nh5 26. Kg2 fxg3 27. hxg3 Bf5
28. Rh1 Ne8 29. Bxf5 1-0

[Event "European Blitz Championship 2021"]
[Site "Katowice"]
[Date "2021.12.17"]
[Round "7.29"]
[White "Kukula, Pawel"]
[Black "Matuszczyk, Krystian"]
[Result "0-1"]
[WhiteElo "2191"]
[BlackElo "1948"]
[Annotator "NA"]
[PlyCount "49"]
[EventDate "2021.12.17"]
[EventType "swiss"]
[EventCountry "POL"]
[SourceTitle "playchess.com"]
[Source "ChessBase"]
[SourceQuality "1"]

1. e4 c5 2. Nf3 Nc6 3. d4 cxd4 4. Nxd4 Nf6 5. Nc3 e5 6. Ndb5 d6 7. Bg5 a6 8.
Na3 b5 9. Nd5 Be7 10. Nxe7 Nxe7 11. Bxf6 gxf6 12. c4 Bb7 13. cxb5 Bxe4 14. bxa6
O-O 15. f3 Bg6 16. Qa4 Qb6 17. Nc4 Qc7 18. h4 d5 19. Ne3 h5 20. Bb5 Qc5 21. Ke2
Rfb8 22. Bd3 Rxb2+ 23. Nc2 e4 24. fxe4 dxe4 25. g4 0-1

[Event "European Blitz Championship 2021"]
[Site "Katowice"]
[Date "2021.12.17"]
[Round "7.30"]
[White "Pavlidou, Ekaterini"]
[Black "Mirski, Michal"]
[Result "1/2-1/2"]
[WhiteElo "2177"]
[BlackElo "2039"]
[Annotator "ChessBase"]
[PlyCount "170"]
[EventDate "2021.12.17"]
[EventType "swiss"]
[EventCountry "POL"]
[SourceTitle "playchess.com"]
[Source "ChessBase"]
[SourceQuality "1"]

1. d4 Nf6 2. c4 e6 3. Nc3 d5 4. cxd5 exd5 5. Bg5 Be7 6. e3 O-O 7. Bd3 c6 8. Qc2
Nbd7 9. Nf3 Re8 10. O-O Ne4 11. Bxe4 dxe4 12. Nxe4 Nf6 13. Nxf6+ Bxf6 14. Bxf6
Qxf6 15. e4 Bg4 16. Ne5 Be6 17. f4 Rad8 18. Qc3 Qe7 19. f5 Bc8 20. Rae1 c5 21.
f6 gxf6 22. Nf3 cxd4 23. Nxd4 Qe5 24. Nf3 Qxc3 25. bxc3 Rd3 26. Nd4 Kg7 27. Nb5
a6 28. Nc7 Red8 29. Nd5 Be6 30. c4 f5 31. Nb4 Rd2 32. exf5 Bxc4 33. f6+ Kg6 34.
Rf4 Bxa2 35. Nxa2 Rxa2 36. Rg4+ Kxf6 37. Rf1+ Ke6 38. Re4+ Kd5 39. Re7 Kc6 40.
Rc1+ Kb6 41. Rb1+ Kc5 42. Rc7+ Kd6 43. Rcxb7 Ke6 44. Re1+ Kf6 45. Rf1+ Kg6 46.
Rbxf7 Rdd2 47. R7f6+ Kg5 48. R1f5+ Kg4 49. h3+ Kg3 50. Rg5+ Kh4 51. Rg4+ Kh5
52. Rf7 Kh6 53. Rgg7 a5 54. Rxh7+ Kg6 55. Rhg7+ Kh6 56. Rg8 a4 57. Rf6+ Kh7 58.
Rg4 a3 59. Rf5 Kh6 60. Rf8 Kh7 61. Rf7+ Kh6 62. Rf8 Kh7 63. Kh2 Rab2 64. Ra8 a2
65. Ra7+ Kh6 66. Ra6+ Kh7 67. Ra7+ Kh6 68. Ra8 Kh7 69. Rg3 Rb1 70. Ra4 Rb6 71.
Rh4+ Rh6 72. Ra4 Rb6 73. Ra7+ Kh6 74. Ra4 Rb5 75. Ra6+ Kh7 76. Ra7+ Kh6 77. Ra8
Kh7 78. Ra4 Kh6 79. Raa3 Rb1 80. Ra8 Kh7 81. Ra7+ Kh6 82. Ra6+ Kh7 83. Ra4 Rb6
84. Rh4+ Rh6 85. Ra4 Rb6 1/2-1/2

[Event "European Blitz Championship 2021"]
[Site "Katowice"]
[Date "2021.12.17"]
[Round "7.30"]
[White "Smieszek, Wojciech"]
[Black "Wisniewski, Adrian"]
[Result "1-0"]
[WhiteElo "2080"]
[BlackElo "2351"]
[Annotator "NA"]
[PlyCount "33"]
[EventDate "2021.12.17"]
[EventType "swiss"]
[EventCountry "POL"]
[SourceTitle "playchess.com"]
[Source "ChessBase"]
[SourceQuality "1"]

1. e4 d6 2. d4 Nf6 3. Nc3 g6 4. Be3 Bg7 5. f3 O-O 6. h4 Nbd7 7. Qd2 c5 8. g4 a6
9. h5 b5 10. hxg6 fxg6 11. O-O-O Qa5 12. Kb1 b4 13. Bc4+ Kh8 14. Nd5 Nb6 15.
Nxf6 Bxf6 16. Rxh7+ Kxh7 17. Qh2+ 1-0

[Event "European Blitz Championship 2021"]
[Site "Katowice"]
[Date "2021.12.17"]
[Round "8.1"]
[White "Duda, Jan-Krzysztof"]
[Black "Keinanen, Toivo"]
[Result "1-0"]
[WhiteElo "2756"]
[BlackElo "2358"]
[Annotator "TA"]
[PlyCount "111"]
[EventDate "2021.12.17"]
[EventType "swiss"]
[EventCountry "POL"]
[SourceTitle "playchess.com"]
[Source "ChessBase"]
[SourceQuality "1"]

1. d4 d5 2. c4 e6 3. Nc3 Be7 4. cxd5 exd5 5. Bf4 c6 6. e3 Bd6 7. Bg3 Bf5 8. Qb3
b6 9. Nf3 Nf6 10. Nh4 Bc8 11. Rc1 O-O 12. Bd3 Ba6 13. Bxa6 Nxa6 14. Qa4 Nb8 15.
Nf5 Bxg3 16. Nxg3 Re8 17. O-O a5 18. Nce2 g6 19. Nf4 Qd6 20. Rc2 h5 21. Rfc1
Ra7 22. h3 Rae7 23. Qb3 Rb7 24. Nd3 Nfd7 25. Nf1 Rc7 26. Nd2 c5 27. Qa3 Na6 28.
dxc5 bxc5 29. Nf3 Nb4 30. Rd2 Qc6 31. Qxa5 Nxd3 32. Rxd3 Nf6 33. Qe1 Ne4 34.
Qd1 Rd7 35. a3 Qb7 36. Qc2 Rb8 37. b3 Rdd8 38. Rcd1 Ra8 39. Qc1 Rab8 40. h4 Ra8
41. g3 Rab8 42. Nd2 Nf6 43. Qxc5 Qa6 44. Qd4 Ng4 45. b4 Qa4 46. Nf3 Rbc8 47.
Ne5 Nf6 48. Qf4 Qa6 49. b5 Qe6 50. Nc6 Re8 51. a4 Ne4 52. Kg2 Ra8 53. Rd4 Kg7
54. Rxd5 Kg8 55. Re5 Qc4 56. Rd4 1-0

[Event "European Blitz Championship 2021"]
[Site "Katowice"]
[Date "2021.12.17"]
[Round "8.1"]
[White "Druckenthaner, Andreas"]
[Black "Luberanski, Jakub"]
[Result "0-1"]
[WhiteElo "2346"]
[BlackElo "2072"]
[Annotator "ChessBase"]
[PlyCount "72"]
[EventDate "2021.12.17"]
[EventType "swiss"]
[EventCountry "POL"]
[SourceTitle "playchess.com"]
[Source "ChessBase"]
[SourceQuality "1"]

1. e4 c6 2. d3 d5 3. Qe2 g6 4. Nf3 Bg7 5. g3 e6 6. Bg2 Ne7 7. O-O O-O 8. e5 c5
9. Bf4 Nbc6 10. h4 b5 11. Nbd2 a5 12. Rfe1 a4 13. a3 b4 14. h5 bxa3 15. bxa3
Bd7 16. Nf1 Qa5 17. Ne3 Nd4 18. Nxd4 cxd4 19. Ng4 Rac8 20. Bd2 Qc7 21. Bb4 Rfe8
22. Bxe7 Rxe7 23. Nf6+ Bxf6 24. exf6 Ree8 25. Qd2 Qd6 26. f4 gxh5 27. Re5 Kh8
28. Qe2 Rg8 29. Qxh5 Rxg3 30. Kf2 Rcg8 31. Bf3 Qc5 32. Rh1 Qxc2+ 33. Be2 Rg2+
34. Kf1 Qc1+ 35. Bd1 Qxf4+ 36. Ke1 Qf2# 0-1

[Event "European Blitz Championship 2021"]
[Site "Katowice"]
[Date "2021.12.17"]
[Round "8.2"]
[White "Stefansson, Hannes"]
[Black "Kosakowski, Jakub"]
[Result "0-1"]
[WhiteElo "2519"]
[BlackElo "2340"]
[Annotator "ChessBase"]
[PlyCount "68"]
[EventDate "2021.12.17"]
[EventType "swiss"]
[EventCountry "POL"]
[SourceTitle "playchess.com"]
[Source "ChessBase"]
[SourceQuality "1"]

1. d4 Nf6 2. c4 e6 3. Nf3 d5 4. g3 Bb4+ 5. Bd2 Be7 6. Bg2 O-O 7. O-O c6 8. Qc2
a5 9. Bg5 b6 10. Nbd2 Bb7 11. e4 Na6 12. a3 Rc8 13. Rfe1 h6 14. Bxf6 Bxf6 15.
Rad1 c5 16. exd5 exd5 17. dxc5 Nxc5 18. b4 axb4 19. axb4 Ne6 20. Qb3 d4 21. Ne5
Bxg2 22. Kxg2 Qc7 23. Ndf3 Rfd8 24. Qb1 Re8 25. Qe4 Ng5 26. Qf5 Nxf3 27. Nxf3
Qxc4 28. Qd7 Red8 29. Qa7 b5 30. Rb1 d3 31. Red1 Qe4 32. Rd2 Bc3 33. Rdd1 Bd4
34. Qa2 Rc2 0-1

[Event "European Blitz Championship 2021"]
[Site "Katowice"]
[Date "2021.12.17"]
[Round "8.2"]
[White "Sanz Wawer, Daniel"]
[Black "Kowalski, Igor"]
[Result "0-1"]
[WhiteElo "2102"]
[BlackElo "2276"]
[Annotator "ChessBase"]
[PlyCount "62"]
[EventDate "2021.12.17"]
[EventType "swiss"]
[EventCountry "POL"]
[SourceTitle "playchess.com"]
[Source "ChessBase"]
[SourceQuality "1"]

1. d4 Nf6 2. c4 g6 3. f3 Bg7 4. e4 d6 5. Nc3 O-O 6. Nge2 Nbd7 7. Be3 c5 8. d5
Qa5 9. Qd2 a6 10. Ng3 h5 11. Bd3 b5 12. O-O Ne5 13. cxb5 axb5 14. Bxb5 Ba6 15.
Bxa6 Qxa6 16. Qe2 Rfb8 17. Rfb1 Nfd7 18. Qxa6 Rxa6 19. Nge2 Nc4 20. Bc1 Nde5
21. b3 Na3 22. Bxa3 Rxa3 23. Rd1 c4 24. bxc4 Nxc4 25. Rac1 Rb2 26. Nb1 Raxa2
27. Nf4 Ne3 28. Nc3 Bxc3 29. Rd3 Nxg2 30. Nh3 Be5 31. Rc8+ Kg7 0-1

[Event "European Blitz Championship 2021"]
[Site "Katowice"]
[Date "2021.12.17"]
[Round "8.3"]
[White "Gumularz, Szymon"]
[Black "Demchenko, Anton"]
[Result "0-1"]
[WhiteElo "2533"]
[BlackElo "2655"]
[Annotator "ChessBase"]
[PlyCount "66"]
[EventDate "2021.12.17"]
[EventType "swiss"]
[EventCountry "POL"]
[SourceTitle "playchess.com"]
[Source "ChessBase"]
[SourceQuality "1"]

1. e4 e5 2. Nf3 Nc6 3. Nc3 Nf6 4. d4 exd4 5. Nxd4 Bc5 6. Be3 Bb6 7. Nxc6 bxc6
8. Qd2 O-O 9. Bxb6 axb6 10. Bd3 d5 11. exd5 Re8+ 12. Be2 cxd5 13. O-O Bb7 14.
Bf3 c6 15. a4 Nd7 16. Rfd1 Qf6 17. h3 h6 18. Be2 Rad8 19. a5 bxa5 20. Rxa5 c5
21. Ra7 Qb6 22. Ra2 d4 23. Na4 Qg6 24. Bf1 Ne5 25. Kh1 Qc6 26. Qf4 Rd6 27. b4
Rf6 28. Qh2 cxb4 29. Kg1 Rg6 30. Kh1 Rf6 31. Kg1 Nf3+ 32. gxf3 Qxf3 33. Rd3
Rg6+ 0-1

[Event "European Blitz Championship 2021"]
[Site "Katowice"]
[Date "2021.12.17"]
[Round "8.3"]
[White "Wieczorek, Oskar"]
[Black "Lupik, Marina"]
[Result "1-0"]
[WhiteElo "2258"]
[BlackElo "2001"]
[Annotator "ChessBase"]
[PlyCount "63"]
[EventDate "2021.12.17"]
[EventType "swiss"]
[EventCountry "POL"]
[SourceTitle "playchess.com"]
[Source "ChessBase"]
[SourceQuality "1"]

1. e4 c5 2. Nf3 d6 3. d4 cxd4 4. Nxd4 Nf6 5. Nc3 a6 6. h4 e5 7. Nb3 Be6 8. f4
Bg4 9. Be2 Qd7 10. Bxg4 Nxg4 11. Nd5 Nf6 12. Nb6 Qc6 13. Nxa8 b5 14. Qe2 Qxa8
15. a4 Qb7 16. axb5 axb5 17. Ra5 Qxe4 18. Qxe4 Nxe4 19. Ra8 f6 20. Rxb8+ Kf7
21. Rxb5 Be7 22. Rb7 Rc8 23. c3 Ke6 24. Be3 Bf8 25. O-O Ng3 26. Re1 Nf5 27. Bf2
d5 28. Nd4+ Nxd4 29. cxd4 e4 30. Be3 Rc2 31. Kf1 h6 32. Rc1 1-0

[Event "European Blitz Championship 2021"]
[Site "Katowice"]
[Date "2021.12.17"]
[Round "8.4"]
[White "Janik, Igor"]
[Black "Brodowski, Piotr"]
[Result "0-1"]
[WhiteElo "2508"]
[BlackElo "2335"]
[Annotator "ChessBase"]
[PlyCount "82"]
[EventDate "2021.12.17"]
[EventType "swiss"]
[EventCountry "POL"]
[SourceTitle "playchess.com"]
[Source "ChessBase"]
[SourceQuality "1"]

1. d4 c5 2. d5 d6 3. e4 Nf6 4. Nc3 g6 5. h4 h5 6. Be2 Bg7 7. Nf3 Na6 8. Ng5 Nc7
9. f3 O-O 10. O-O Rb8 11. a4 b6 12. Bf4 Nd7 13. Qd2 a6 14. g4 Nf6 15. Qd1 b5
16. axb5 axb5 17. Bh2 b4 18. Na4 Nb5 19. c3 hxg4 20. fxg4 Nd7 21. Qe1 Ne5 22.
Qg3 Qe8 23. Rf2 Ra8 24. Bd1 bxc3 25. bxc3 Nxc3 26. Qxc3 Nxg4 27. e5 Nxf2 28.
Kxf2 f6 29. Ne6 Bxe6 30. dxe6 fxe5+ 31. Kg2 Qc6+ 32. Kg1 e4 33. Qc1 Bd4+ 34.
Kg2 e3+ 35. Kh3 Rf3+ 36. Bxf3 Qxf3+ 37. Bg3 Bxa1 38. Qxa1 Qe4 39. Kh2 Rxa4 40.
Qb2 Qxe6 41. Qc2 Ra2 0-1

[Event "European Blitz Championship 2021"]
[Site "Katowice"]
[Date "2021.12.17"]
[Round "8.4"]
[White "Semjonovs, Ilja"]
[Black "Gerasimenyk, Mikhail"]
[Result "1-0"]
[WhiteElo "2095"]
[BlackElo "2258"]
[Annotator "ChessBase"]
[PlyCount "69"]
[EventDate "2021.12.17"]
[EventType "swiss"]
[EventCountry "POL"]
[SourceTitle "playchess.com"]
[Source "ChessBase"]
[SourceQuality "1"]

1. d4 d5 2. Nf3 c5 3. c3 Nc6 4. Bg5 h6 5. Bh4 Bg4 6. e3 cxd4 7. exd4 Nf6 8. Be2
Ne4 9. Nbd2 g5 10. Bg3 Bg7 11. Nxe4 dxe4 12. Nd2 Bf5 13. Bg4 Bg6 14. Bh5 Bh7
15. Qb3 O-O 16. Qxb7 Rc8 17. O-O e5 18. d5 Qxd5 19. Nb3 Rb8 20. Qa6 Rb6 21. Qe2
f5 22. Rad1 Qe6 23. f3 f4 24. Bg4 Qf6 25. Qc4+ Kh8 26. fxe4 Bg8 27. Qe2 Bxb3
28. axb3 Rxb3 29. Bf2 Rfb8 30. Rd2 a5 31. Rfd1 Rd8 32. Rxd8+ Nxd8 33. Qc4 Rb8
34. Qc7 Qb6 35. Bxb6 1-0

[Event "European Blitz Championship 2021"]
[Site "Katowice"]
[Date "2021.12.17"]
[Round "8.5"]
[White "Gdanski, Jacek"]
[Black "Donchenko, Alexander"]
[Result "1/2-1/2"]
[WhiteElo "2367"]
[BlackElo "2645"]
[Annotator "ChessBase"]
[PlyCount "130"]
[EventDate "2021.12.17"]
[EventType "swiss"]
[EventCountry "POL"]
[SourceTitle "playchess.com"]
[Source "ChessBase"]
[SourceQuality "1"]

1. e4 c5 2. Nc3 a6 3. g3 b5 4. Bg2 Bb7 5. Nge2 e6 6. O-O Nf6 7. d3 b4 8. Na4 d6
9. a3 a5 10. c3 Nbd7 11. Re1 Be7 12. e5 Nd5 13. exd6 Bxd6 14. c4 O-O 15. cxd5
Bxd5 16. Bxd5 exd5 17. d4 c4 18. Bf4 Be7 19. Be3 Qc7 20. Nf4 Qc6 21. Nc5 Nxc5
22. dxc5 Rad8 23. axb4 axb4 24. Qf3 Bf6 25. Rad1 Bxb2 26. Nxd5 Qb5 27. c6 Kh8
28. c7 Rc8 29. Bf4 c3 30. Qd3 Qc5 31. Nxb4 Qxb4 32. Bd6 Qa4 33. Bxf8 c2 34. Rc1
Bxc1 35. Rxc1 Rxf8 36. Qxc2 Qxc2 37. Rxc2 Rc8 38. Kg2 Kg8 39. Kf3 Kf8 40. Ke4
Ke7 41. Ke5 Kd7 42. Rd2+ Ke7 43. Rc2 Kd7 44. Rd2+ Ke7 45. Rc2 Kd7 46. f4 Rxc7
47. Rxc7+ Kxc7 48. f5 Kd7 49. f6 g6 50. Kd5 Kc7 51. g4 h6 52. h4 Kd7 53. g5 h5
54. Ke5 Kc6 55. Ke4 Kd6 56. Kd4 Ke6 57. Ke4 Kd6 58. Kd4 Ke6 59. Ke4 Kd6 60. Kd4
Ke6 61. Kc5 Kd7 62. Kd5 Kc7 63. Kc5 Kd7 64. Kd5 Kc7 65. Kc5 Kd7 1/2-1/2

[Event "European Blitz Championship 2021"]
[Site "Katowice"]
[Date "2021.12.17"]
[Round "8.5"]
[White "Przybylski, Wojciech"]
[Black "Paczka, Patryk"]
[Result "0-1"]
[WhiteElo "2247"]
[BlackElo "1909"]
[Annotator "ChessBase"]
[PlyCount "145"]
[EventDate "2021.12.17"]
[EventType "swiss"]
[EventCountry "POL"]
[SourceTitle "playchess.com"]
[Source "ChessBase"]
[SourceQuality "1"]

1. e4 c5 2. Nf3 Nc6 3. Bb5 g6 4. O-O Bg7 5. c3 Qb6 6. Bd3 d6 7. h3 Ne5 8. Bc2
Nxf3+ 9. Qxf3 Nf6 10. d3 Qc7 11. Be3 Rb8 12. a4 O-O 13. Nd2 a6 14. a5 Nd7 15.
Qe2 b5 16. axb6 Nxb6 17. f4 Nd7 18. Nc4 Nb6 19. Na5 Nd7 20. Bb3 Rb5 21. Bc4
Rxa5 22. Rac1 Nb6 23. Qc2 Nxc4 24. dxc4 Qc6 25. b4 cxb4 26. cxb4 Ra3 27. Bd2
Qa4 28. Qb1 Qb3 29. b5 axb5 30. cxb5 Bd7 31. Bb4 Qe3+ 32. Kh1 Rb3 33. Bd2 Qg3
34. Qc2 Bxh3 35. Be1 Bxg2+ 36. Qxg2 Qxg2+ 37. Kxg2 Rb2+ 38. Kf3 Rxb5 39. Rc7
Bf6 40. Bg3 Rb3+ 41. Kg2 Ra8 42. e5 Ra2+ 43. Kh3 dxe5 44. Rc8+ Kg7 45. Rc4 exf4
46. Rcxf4 Rxg3+ 47. Kxg3 Be5 48. Kg4 Bxf4 49. Rxf4 Ra5 50. Rb4 e6 51. Rb7 Kf6
52. Rb1 Ra4+ 53. Kg3 h5 54. Rf1+ Kg7 55. Rb1 g5 56. Kf3 Kg6 57. Rb8 Kf5 58. Rb7
f6 59. Rb3 e5 60. Kg3 h4+ 61. Kh3 Rf4 62. Rb2 Rf3+ 63. Kg2 Kf4 64. Rb6 f5 65.
Rb5 e4 66. Rb2 Re3 67. Rf2+ Kg4 68. Ra2 f4 69. Kh2 Rd3 70. Ra5 e3 71. Ra6 Rd2+
72. Kg1 h3 73. Kf1 0-1

[Event "European Blitz Championship 2021"]
[Site "Katowice"]
[Date "2021.12.17"]
[Round "8.6"]
[White "Ortega Ruiz, Jose Miguel"]
[Black "Plat, Vojtech"]
[Result "0-1"]
[WhiteElo "2317"]
[BlackElo "2548"]
[Annotator "ChessBase"]
[PlyCount "106"]
[EventDate "2021.12.17"]
[EventType "swiss"]
[EventCountry "POL"]
[SourceTitle "playchess.com"]
[Source "ChessBase"]
[SourceQuality "1"]

1. d4 d6 2. Nf3 Bg4 3. e3 c6 4. h3 Bh5 5. c3 Nd7 6. Be2 Bg6 7. Nbd2 e5 8. dxe5
dxe5 9. Nc4 Qc7 10. Nh4 Ngf6 11. Nxg6 hxg6 12. a4 a5 13. b3 Nc5 14. Qc2 Be7 15.
O-O g5 16. Ba3 e4 17. Bxc5 Bxc5 18. Rfd1 Be7 19. Rd4 g4 20. Rad1 gxh3 21. g3
h2+ 22. Kh1 g6 23. Nd6+ Bxd6 24. Rxd6 Ke7 25. R6d4 Rhd8 26. Kxh2 Rxd4 27. Rxd4
Rd8 28. Qd1 Rxd4 29. Qxd4 b6 30. Kg2 c5 31. Qc4 Qd6 32. Qa6 Kf8 33. Qb7 Nd7 34.
Qxe4 Kg7 35. Bc4 Ne5 36. Bb5 f5 37. Qb7+ Kh6 38. Be2 Qf6 39. Qc8 Nf7 40. Bc4
Nd6 41. Qg8 Ne4 42. g4 fxg4 43. f4 gxf3+ 44. Kf1 f2 45. Be2 Ng3+ 46. Kg2 f1=Q+
47. Bxf1 Nxf1 48. Qe8 Nd2 49. Qd7 Qf3+ 50. Kh2 Qf2+ 51. Kh1 Nf3 52. Qh3+ Kg5
53. e4 Qg1# 0-1